[Event "XVI Festival Conca della Presolana A"]
[Site "Bratto - Castione della Presolana ITA"]
[Date "1996.08.28"]
[Round "7"]
[White "Gandolfo, Marco"]
[Black "Everet, Alexandro"]
[Result "0-1"]
[WhiteElo "1973"]
[BlackElo "2130"]
[PlyCount "110"]
[EventDate "1996.08.22"]

1. Nf3 d5 2. b3 c5 3. e3 Nc6 4. Bb2 Bg4 5. Bb5 e6 6. h3 Bh5 7. Bxc6+ bxc6 8. d3
Nf6 9. Nbd2 Bd6 10. Qe2 Qe7 11. g4 Bg6 12. Ne5 Qc7 13. f4 O-O-O 14. O-O-O Ne8
15. Kb1 f6 16. Nxg6 hxg6 17. Rdf1 Qa5 18. e4 Nc7 19. c4 Rhe8 20. h4 Na8 21. h5
gxh5 22. Rxh5 Nb6 23. e5 Be7 24. Rh7 dxc4 25. Nxc4 Nxc4 26. bxc4 fxe5 27. fxe5
g5 28. Rff7 Rd7 29. a3 Qd8 30. Kc2 Qa5 31. Kb1 Rb7 32. Kc1 Qd8 33. Qe4 Kd7 34.
Qe3 Qa5 35. Qe2 Kc8 36. Qe4 Kb8 37. Qe2 Ka8 38. Qe4 Qb6 39. Qe2 Rc7 40. Kc2 Rb8
41. Kc1 Bd8 42. Rxc7 Bxc7 43. Re7 Rh8 44. Qg2 Rh6 45. Kc2 Kb7 46. Rg7 a5 47.
Rxg5 a4 48. Rh5 Qb3+ 49. Kc1 Rxh5 50. gxh5 Qxd3 51. Qg7 Qxc4+ 52. Kb1 Qd3+ 53.
Ka2 Qb3+ 54. Kb1 c4 55. Kc1 c3 0-1

[Event "XVI Festival Conca della Presolana A"]
[Site "Bratto - Castione della Presolana ITA"]
[Date "1996.08.28"]
[Round "7"]
[White "Genocchio, Daniele"]
[Black "Ceresoli, Luigi"]
[Result "1-0"]
[WhiteElo "2131"]
[BlackElo "2087"]
[PlyCount "69"]
[EventDate "1996.08.22"]

1. e4 e5 2. Nf3 Nc6 3. Bc4 Nf6 4. d4 exd4 5. O-O d6 6. Nxd4 Bd7 7. Nc3 Be7 8.
a3 O-O 9. f3 Re8 10. Kh1 Bf8 11. Bg5 h6 12. Bh4 Ne5 13. Ba2 Ng6 14. Bf2 c6 15.
Qd2 Qc7 16. Rad1 Rad8 17. Rfe1 Bc8 18. Be3 Ne5 19. Qf2 b6 20. g4 g5 21. h4 Be7
22. hxg5 hxg5 23. Kg2 Kg7 24. Rh1 Rh8 25. Qg3 d5 26. exd5 Nxd5 27. Bxd5 cxd5
28. Ndb5 Qb8 29. Rxh8 Rxh8 30. Bd4 f6 31. Bxe5 fxe5 32. Nxd5 Bc5 33. b4 Bf8 34.
Ndc7 Kf6 35. Rd5 1-0

[Event "XVI Festival Conca della Presolana A"]
[Site "Bratto - Castione della Presolana ITA"]
[Date "1996.08.28"]
[Round "7"]
[White "Griffa, Roberto"]
[Black "Pagnoncelli, Marco"]
[Result "1-0"]
[WhiteElo "1917"]
[BlackElo "2105"]
[PlyCount "107"]
[EventDate "1996.08.22"]

1. d4 Nf6 2. Nf3 g6 3. Bg5 Bg7 4. Nbd2 O-O 5. c3 d6 6. e4 Nbd7 7. Be2 e5 8.
dxe5 dxe5 9. O-O h6 10. Bh4 g5 11. Bg3 Nh5 12. Re1 Nf4 13. Bf1 Qe7 14. Nc4 Re8
15. Qc2 c6 16. Rad1 Kh8 17. h3 Rg8 18. Nd6 Nf8 19. Nf5 Qc7 20. Nd2 Be6 21. Nc4
N8g6 22. Nce3 a5 23. Rd2 Rgd8 24. Rxd8+ Rxd8 25. b3 b5 26. Rd1 Rxd1 27. Qxd1
Bf8 28. f3 Qd7 29. Qxd7 Bxd7 30. Be1 Bc5 31. b4 axb4 32. cxb4 Bb6 33. Bf2 Kh7
34. Ng4 Bxf2+ 35. Kxf2 Bxf5 36. exf5 Ne7 37. Nxe5 f6 38. Nd7 Kg7 39. g4 Ned5
40. a3 Nc3 41. Nb8 Nb1 42. Nxc6 Nxa3 43. Ke3 Nc2+ 44. Kd2 Na3 45. Kc3 h5 46.
Kb2 Nc4+ 47. Bxc4 bxc4 48. Kc3 h4 49. b5 Nxh3 50. b6 Nf4 51. b7 h3 52. b8=Q h2
53. Ne7 Nd5+ 54. Kd4 1-0

[Event "XVI Festival Conca della Presolana A"]
[Site "Bratto - Castione della Presolana ITA"]
[Date "1996.08.28"]
[Round "7"]
[White "Hugony, Fabrizio"]
[Black "Ranieri, Fabrizio"]
[Result "1-0"]
[WhiteElo "2270"]
[BlackElo "2113"]
[PlyCount "105"]
[EventDate "1996.08.22"]

1. e4 e6 2. d4 d5 3. Nd2 Nf6 4. e5 Nfd7 5. Bd3 c5 6. c3 Nc6 7. Ne2 cxd4 8. cxd4
f6 9. exf6 Nxf6 10. Nf3 Bd6 11. O-O O-O 12. Bf4 Bxf4 13. Nxf4 Ne4 14. Qc1 Ng5
15. Nxg5 Qxg5 16. Ne2 Qf6 17. Qc5 Bd7 18. Rad1 Be8 19. f3 Kh8 20. Bb1 Bg6 21.
Bxg6 Qxg6 22. Qc3 Ne7 23. Qd3 Nf5 24. Ng3 Rac8 25. Nxf5 exf5 26. Rfe1 Qb6 27.
b3 Qa5 28. Qd2 Qb5 29. Re7 Rce8 30. Rde1 Rxe7 31. Rxe7 Re8 32. Qe3 Rxe7 33.
Qxe7 h6 34. Qf8+ Kh7 35. Qxf5+ Kh8 36. Qf8+ Kh7 37. Qf5+ Kh8 38. Qc8+ Kh7 39.
Qc2+ Kh8 40. Qc8+ Kh7 41. Qc2+ Kh8 42. Kf2 Qd7 43. g4 Kg8 44. Qf5 Qc6 45. Kg3
a6 46. h4 Kh8 47. g5 hxg5 48. hxg5 g6 49. Qf6+ Kg8 50. Qxc6 bxc6 51. Kf4 Kf7
52. Ke5 Ke7 53. b4 1-0

[Event "XVI Festival Conca della Presolana A"]
[Site "Bratto - Castione della Presolana ITA"]
[Date "1996.08.28"]
[Round "7"]
[White "Lagrotteria, Salvatore"]
[Black "Kojic, Tigran"]
[Result "0-1"]
[WhiteElo "2165"]
[BlackElo "2099"]
[PlyCount "76"]
[EventDate "1996.08.22"]

1. Nf3 g6 2. d4 Bg7 3. e4 d6 4. c3 Nf6 5. Nbd2 O-O 6. Be2 c5 7. O-O Bg4 8. h3
Bxf3 9. Bxf3 Nc6 10. dxc5 dxc5 11. Qc2 Qc7 12. Re1 Rad8 13. Be2 Rd7 14. a4 Rfd8
15. Nc4 Ne5 16. Nxe5 Qxe5 17. Bb5 Rd6 18. f4 Qh5 19. e5 Rd1 20. Be3 Rxa1 21.
Rxa1 Nd5 22. Rd1 Bf8 23. Qe2 Qf5 24. Qf3 e6 25. Bc1 Qc2 26. f5 gxf5 27. Bg5 Rc8
28. Rxd5 exd5 29. Bd3 Qxa4 30. Qxf5 Qd1+ 31. Kh2 Qh5 32. h4 c4 33. Bc2 Re8 34.
Qf4 Bg7 35. Kh3 Bxe5 36. Qe3 f6 37. Bxf6 Bxf6 38. Qf4 Qe5 0-1

[Event "XVI Festival Conca della Presolana A"]
[Site "Bratto - Castione della Presolana ITA"]
[Date "1996.08.28"]
[Round "7"]
[White "Lanzani, Mario"]
[Black "Profumo, Alberto"]
[Result "1-0"]
[WhiteElo "2355"]
[BlackElo "2163"]
[PlyCount "69"]
[EventDate "1996.08.22"]

1. e4 c6 2. d4 d5 3. exd5 cxd5 4. c4 Nf6 5. Nc3 Nc6 6. Bg5 e6 7. Nf3 Be7 8. c5
O-O 9. Bb5 Ne4 10. Bxe7 Qxe7 11. Bxc6 bxc6 12. O-O f6 13. Qc2 e5 14. Nxe4 Bf5
15. Nxf6+ Rxf6 16. Qc3 exd4 17. Nxd4 Rb8 18. Rfe1 Qb7 19. b3 Qb4 20. Qxb4 Rxb4
21. Rad1 Rb7 22. f3 a5 23. a3 Kf7 24. Re5 Bc8 25. Kf2 h6 26. Ke3 g5 27. g4 Re7
28. Rxe7+ Kxe7 29. b4 axb4 30. axb4 Bd7 31. Ra1 h5 32. h3 hxg4 33. hxg4 Rf4 34.
Ra7 Ke8 35. b5 1-0

[Event "XVI Festival Conca della Presolana A"]
[Site "Bratto - Castione della Presolana ITA"]
[Date "1996.08.28"]
[Round "7"]
[White "Mantovani, Renzo"]
[Black "Ortega, Lexy"]
[Result "0-1"]
[WhiteElo "2360"]
[BlackElo "2495"]
[PlyCount "87"]
[EventDate "1996.08.22"]

1. e4 c5 2. Nf3 d6 3. d4 cxd4 4. Nxd4 Nf6 5. Nc3 a6 6. Nb3 e6 7. Bd3 b5 8. O-O
Bb7 9. Qe2 Nbd7 10. Bd2 Be7 11. f4 b4 12. Nd1 d5 13. e5 Ne4 14. Be1 O-O 15. Kh1
a5 16. c3 Qb6 17. c4 dxc4 18. Bxe4 Bxe4 19. Qxe4 cxb3 20. axb3 Nc5 21. Qf3 Qb5
22. Rf2 Rad8 23. Qe2 Qxe2 24. Rxe2 Nxb3 25. Rb1 Rd7 26. Ne3 Rc8 27. Kg1 h5 28.
Kf1 Rd4 29. g3 g5 30. Ng2 a4 31. fxg5 Bxg5 32. h4 Bh6 33. Rf2 Rcc4 34. Rf6 Bg7
35. Ne3 Rc8 36. Rf4 Bxe5 37. Rxd4 Bxd4 38. Ke2 Rc1 39. Rxc1 Nxc1+ 40. Kd2 Bxb2
41. Kc2 Bd4 42. Ng2 Na2 43. Nf4 b3+ 44. Kd3 0-1

[Event "XVI Festival Conca della Presolana A"]
[Site "Bratto - Castione della Presolana ITA"]
[Date "1996.08.28"]
[Round "7"]
[White "Menoni, Vincenzo"]
[Black "Rossi, Giampiero"]
[Result "1/2-1/2"]
[WhiteElo "2245"]
[BlackElo "2105"]
[PlyCount "61"]
[EventDate "1996.08.22"]

1. e4 c5 2. Nc3 e6 3. g3 d6 4. Bg2 Nc6 5. d3 g6 6. Be3 Bg7 7. Qd2 Nge7 8. Bh6
O-O 9. h4 Bxh6 10. Qxh6 f6 11. Nge2 e5 12. Qd2 Be6 13. h5 g5 14. f4 h6 15. Nd5
Kg7 16. c3 Ng8 17. Ne3 Qe7 18. Bh3 Rad8 19. Bf5 Qd7 20. O-O-O Nge7 21. fxg5
fxg5 22. g4 Bxf5 23. gxf5 Ng8 24. Ng4 Nf6 25. Rhg1 Nxg4 26. Rxg4 Qf7 27. Rdg1
Ne7 28. Kb1 Kh7 29. Qe3 b6 30. c4 Rg8 31. Rh1 1/2-1/2

[Event "XVI Festival Conca della Presolana A"]
[Site "Bratto - Castione della Presolana ITA"]
[Date "1996.08.28"]
[Round "7"]
[White "Pantaleoni, Claudio"]
[Black "Vita, Fabrizio"]
[Result "0-1"]
[WhiteElo "2235"]
[BlackElo "2013"]
[PlyCount "82"]
[EventDate "1996.08.22"]

1. Nf3 c5 2. c4 Nf6 3. Nc3 d5 4. cxd5 Nxd5 5. d4 cxd4 6. Qxd4 Be6 7. e4 Nc6 8.
Bb5 Nb6 9. Bf4 Bg4 10. Qe3 Bxf3 11. gxf3 g6 12. Rd1 Qc8 13. Nd5 Nxd5 14. exd5
a6 15. dxc6 axb5 16. Qd4 Qxc6 17. O-O f6 18. Rd3 Kf7 19. Rc1 Qe6 20. b3 Rc8 21.
Rxc8 Qxc8 22. Qd5+ e6 23. Qxb5 Be7 24. Rd7 Rd8 25. Rxb7 Rd5 26. Rb8 Rxb5 27.
Rxc8 Rf5 28. Be3 Rxf3 29. Rb8 h5 30. b4 Rh3 31. Rb7 Ke8 32. b5 Bd6 33. b6 Rxh2
34. Bc5 Be5 35. Re7+ Kd8 36. Rxe6 Rh4 37. Rxe5 fxe5 38. b7 Kc7 39. Be7 Ra4 40.
Bf6 Kxb7 41. Be7 Rxa2 0-1

[Event "XVI Festival Conca della Presolana A"]
[Site "Bratto - Castione della Presolana ITA"]
[Date "1996.08.28"]
[Round "7"]
[White "Piva, Giorgio"]
[Black "Oppici, Gabriele"]
[Result "1/2-1/2"]
[WhiteElo "2170"]
[BlackElo "2055"]
[PlyCount "30"]
[EventDate "1996.08.22"]

1. d4 f5 2. g3 Nf6 3. Bg2 g6 4. c4 Bg7 5. Nc3 d6 6. Nh3 O-O 7. d5 c6 8. O-O e5
9. dxe6 Bxe6 10. Bf4 Bxc4 11. Bxd6 Re8 12. Qd4 Ba6 13. Qb4 Qb6 14. Qa3 Nbd7 15.
Rfe1 Ne5 1/2-1/2

[Event "XVI Festival Conca della Presolana A"]
[Site "Bratto - Castione della Presolana ITA"]
[Date "1996.08.28"]
[Round "7"]
[White "Salami, Marco"]
[Black "Magalotti, Andrea"]
[Result "1-0"]
[WhiteElo "2245"]
[BlackElo "2100"]
[PlyCount "69"]
[EventDate "1996.08.22"]

1. e4 e5 2. f4 d5 3. exd5 exf4 4. Nf3 Nf6 5. Bc4 Nxd5 6. O-O Be7 7. Qe2 Be6 8.
Bb3 O-O 9. c4 Nb6 10. d4 Bf6 11. d5 Bg4 12. Bxf4 N8d7 13. Nc3 Nc5 14. Bc2 Re8
15. Qf2 Qe7 16. Rae1 Qf8 17. Be3 Nbd7 18. Ng5 Bxg5 19. Bxg5 Rxe1 20. Qxe1 Bh5
21. Qh4 Bg6 22. Bxg6 hxg6 23. Be7 Qc8 24. Qf2 Nd3 25. Qxf7+ Kh7 26. Ne4 N7e5
27. Ng5+ Kh8 28. Qe6 Qxe6 29. dxe6 Nxc4 30. Nf7+ Kg8 31. Bd8 Kf8 32. e7+ Ke8
33. Ne5 Rxd8 34. exd8=Q+ Kxd8 35. Nxd3 1-0

[Event "XVI Festival Conca della Presolana A"]
[Site "Bratto - Castione della Presolana ITA"]
[Date "1996.08.29"]
[Round "8"]
[White "Bancod, Ronald"]
[Black "Salami, Marco"]
[Result "1-0"]
[WhiteElo "2400"]
[BlackElo "2245"]
[PlyCount "51"]
[EventDate "1996.08.22"]

1. e4 e6 2. d4 d5 3. e5 c5 4. Nf3 Nc6 5. dxc5 Bxc5 6. Bd3 Nge7 7. Bf4 Ng6 8.
Bg3 Qc7 9. O-O Nb4 10. Nc3 a6 11. Re1 Bd7 12. Bxg6 hxg6 13. a3 Nc6 14. Nxd5 Qd8
15. Nc3 Qe7 16. Ne4 O-O-O 17. b4 Be8 18. Qe2 Ba7 19. Nd6+ Kb8 20. Rad1 Ka8 21.
c4 Bb8 22. b5 Na7 23. a4 Bxd6 24. exd6 Qf6 25. Ne5 Bd7 26. bxa6 1-0

[Event "XVI Festival Conca della Presolana A"]
[Site "Bratto - Castione della Presolana ITA"]
[Date "1996.08.29"]
[Round "8"]
[White "Bossi, Alessandro"]
[Black "Piva, Giorgio"]
[Result "1/2-1/2"]
[WhiteElo "2009"]
[BlackElo "2170"]
[PlyCount "91"]
[EventDate "1996.08.22"]

1. e4 c5 2. Nf3 d6 3. c3 Nf6 4. h3 g6 5. Bd3 Bg7 6. Bc2 b6 7. O-O Bb7 8. Re1
Nc6 9. d4 e5 10. d5 Ne7 11. Ba4+ Nd7 12. c4 O-O 13. Bxd7 Qxd7 14. Nc3 h6 15.
Nh2 Ba6 16. Qd3 f5 17. f3 Kh7 18. a4 Bb7 19. a5 bxa5 20. Rxa5 Qc7 21. Ra2 fxe4
22. fxe4 Ng8 23. Bd2 a6 24. Ne2 Rf7 25. Raa1 Raf8 26. Rf1 Nf6 27. Ng3 Bc8 28.
Kh1 Qb6 29. Rab1 a5 30. Ra1 Ra7 31. b3 Bd7 32. Rfb1 Rfa8 33. Nf3 Qc7 34. Kh2
Ne8 35. Ra2 a4 36. bxa4 Bxa4 37. Rba1 Bd7 38. Rxa7 Rxa7 39. Ra3 Qb7 40. Rxa7
Qxa7 41. Qb3 Nf6 42. Bc3 Ng8 43. Ne2 Nf6 44. Ng3 Ne8 45. Ne2 Kg8 46. Bd2
1/2-1/2

[Event "XVI Festival Conca della Presolana A"]
[Site "Bratto - Castione della Presolana ITA"]
[Date "1996.08.29"]
[Round "8"]
[White "Campini, Marco"]
[Black "Belakovskaia, Anjelina"]
[Result "0-1"]
[WhiteElo "2123"]
[BlackElo "2350"]
[PlyCount "66"]
[EventDate "1996.08.22"]

1. e4 c5 2. Nf3 d6 3. d4 cxd4 4. Nxd4 Nf6 5. Nc3 a6 6. Be2 e5 7. Nb3 Be7 8. O-O
Be6 9. Be3 Nbd7 10. f3 O-O 11. Nd5 Nxd5 12. exd5 Bf5 13. c4 Bg5 14. Bf2 Rc8 15.
Qe1 Qf6 16. h4 Bf4 17. g3 Bh3 18. gxf4 Qg6+ 19. Bg3 exf4 20. Kh2 Bxf1 21. Bxf1
Rfe8 22. Qf2 fxg3+ 23. Qxg3 Qf6 24. Rb1 Re3 25. Kg2 Ne5 26. Nd2 Ng6 27. Kh3
Rce8 28. Qg4 h5 29. Qg5 Qd4 30. Nb3 Rxf3+ 31. Kh2 Qf2+ 32. Bg2 Ree3 33. Qd8+
Kh7 0-1

[Event "XVI Festival Conca della Presolana A"]
[Site "Bratto - Castione della Presolana ITA"]
[Date "1996.08.29"]
[Round "8"]
[White "Caruso, Daniele"]
[Black "Pantaleoni, Claudio"]
[Result "0-1"]
[WhiteElo "2155"]
[BlackElo "2235"]
[PlyCount "76"]
[EventDate "1996.08.22"]

1. e4 c5 2. Nf3 e6 3. c3 Nf6 4. e5 Nd5 5. d4 cxd4 6. cxd4 d6 7. a3 Bd7 8. Nc3
Nxc3 9. bxc3 Qc7 10. Bd2 Bc6 11. exd6 Bxd6 12. Bd3 Nd7 13. h3 O-O 14. c4 Nf6
15. O-O Bf4 16. Bc3 Be4 17. d5 e5 18. Be2 Bxf3 19. Bxf3 Qxc4 20. Bb4 Rfe8 21.
g3 Bh6 22. d6 e4 23. Be2 Qe6 24. Kh2 Red8 25. Qd4 Rdc8 26. Rad1 Nd7 27. Rfe1 f5
28. Kg1 Bg5 29. g4 e3 30. f4 Bh4 31. gxf5 Bf2+ 32. Kh1 Qh6 33. Bc4+ Kh8 34. Kg2
Qh4 35. Rh1 Qg3+ 36. Kf1 e2+ 37. Bxe2 Bxd4 38. Rxd4 Rc1+ 0-1

[Event "XVI Festival Conca della Presolana A"]
[Site "Bratto - Castione della Presolana ITA"]
[Date "1996.08.29"]
[Round "8"]
[White "Ciolac, Gheorghe"]
[Black "Oppici, Gabriele"]
[Result "1-0"]
[WhiteElo "2405"]
[BlackElo "2055"]
[PlyCount "117"]
[EventDate "1996.08.22"]

1. e4 g6 2. d4 Bg7 3. Nf3 c6 4. Bd3 d5 5. e5 Bg4 6. Nbd2 c5 7. c3 Nc6 8. h3
Bxf3 9. Nxf3 e6 10. O-O Nge7 11. Re1 cxd4 12. cxd4 O-O 13. a3 Qb6 14. Qa4 Rfc8
15. Bd2 Qd8 16. Rac1 Qd7 17. Qd1 Rc7 18. b4 Rac8 19. b5 Na5 20. Rxc7 Qxc7 21.
Qa4 Nc4 22. Rc1 Nf5 23. Qxa7 Bf8 24. Bxc4 dxc4 25. Qa4 Ne7 26. Ng5 Nd5 27. Ne4
Be7 28. g3 Nb6 29. Qc2 Qd8 30. Ba5 Ra8 31. Qd2 Kg7 32. a4 Rxa5 33. Qxa5 Qxd4
34. Qa7 Qb2 35. Rc3 Qb1+ 36. Kh2 Nd5 37. Rxc4 Qa2 38. Qd4 Qe2 39. Rc1 b6 40.
Kg1 Qh5 41. Kg2 Qe2 42. Kg1 h5 43. h4 Qg4 44. Kf1 g5 45. hxg5 h4 46. gxh4 Qh3+
47. Ke2 Qg4+ 48. f3 Nf4+ 49. Ke3 Qxh4 50. Nf6 Ng2+ 51. Kd3 Nf4+ 52. Kc4 Qh2 53.
Kb3 Ne2 54. Qb2 Nxc1+ 55. Qxc1 Qf2 56. Qc3 Bc5 57. Qd3 Qh2 58. Qd8 Bf8 59. Nd7
1-0

[Event "XVI Festival Conca della Presolana A"]
[Site "Bratto - Castione della Presolana ITA"]
[Date "1996.08.29"]
[Round "8"]
[White "Dinser, Hans"]
[Black "Gandolfo, Marco"]
[Result "1/2-1/2"]
[WhiteElo "2165"]
[BlackElo "1973"]
[PlyCount "59"]
[EventDate "1996.08.22"]

1. d4 g6 2. c4 f5 3. Nf3 Nf6 4. g3 Bg7 5. Bg2 d6 6. Nc3 O-O 7. O-O c6 8. Rb1
Ne4 9. e3 Kh8 10. Nd2 Nxc3 11. bxc3 e5 12. Nb3 e4 13. a4 Nd7 14. Ba3 Nf6 15. c5
d5 16. Nd2 Rf7 17. Re1 Be6 18. Rb2 Qe7 19. Bf1 Raf8 20. c4 g5 21. cxd5 Nxd5 22.
Nc4 Bc8 23. Nd6 Rf6 24. Bg2 Rd8 25. Qh5 Rg6 26. Reb1 Rdxd6 27. cxd6 Qd7 28. Qd1
Nc3 29. Qd2 Nxb1 30. Rxb1 1/2-1/2

[Event "XVI Festival Conca della Presolana A"]
[Site "Bratto - Castione della Presolana ITA"]
[Date "1996.08.29"]
[Round "8"]
[White "Everet, Alexandro"]
[Black "Griffa, Roberto"]
[Result "1-0"]
[WhiteElo "2130"]
[BlackElo "1917"]
[PlyCount "47"]
[EventDate "1996.08.22"]

1. e4 d5 2. exd5 Qxd5 3. Nc3 Qa5 4. d4 Nf6 5. Bc4 c6 6. Nf3 Bf5 7. O-O e6 8.
Bf4 Bb4 9. Ne2 O-O 10. c3 Be7 11. Ng3 Bg4 12. h3 Bxf3 13. Qxf3 Nd5 14. Rfe1 Nd7
15. Re2 Rac8 16. Bd2 Rfe8 17. Bd3 N5f6 18. a3 Qd5 19. Ne4 c5 20. c4 Qc6 21. Bc3
Qb6 22. dxc5 Nxc5 23. Nxc5 Qxc5 24. Qxb7 1-0

[Event "XVI Festival Conca della Presolana A"]
[Site "Bratto - Castione della Presolana ITA"]
[Date "1996.08.29"]
[Round "8"]
[White "Eynard, Valdo"]
[Black "Lagrotteria, Salvatore"]
[Result "1-0"]
[WhiteElo "1975"]
[BlackElo "2165"]
[PlyCount "77"]
[EventDate "1996.08.22"]

1. e4 c5 2. Nf3 Nc6 3. Bb5 g6 4. O-O Bg7 5. Re1 a6 6. Bxc6 bxc6 7. d3 e5 8. Nc3
d6 9. h3 h6 10. Bd2 Be6 11. b3 Bf6 12. Nh2 h5 13. Ne2 Ne7 14. f4 Ra7 15. Nf3
Ng8 16. fxe5 dxe5 17. Be3 Rd7 18. Qc1 Qa5 19. Bd2 Qd8 20. Bc3 g5 21. Qb2 g4 22.
Nxe5 gxh3 23. Nxd7 Bxc3 24. Qxc3 Qg5 25. Nf4 Rh6 26. Qe5 Qg4 27. Nxc5 Rg6 28.
Re2 Ne7 29. Nxg6 Nxg6 30. Qb8+ Ke7 31. Qc7+ Ke8 32. Qxc6+ Ke7 33. Qc7+ Ke8 34.
Nxe6 fxe6 35. Rf2 e5 36. Qf7+ Kd8 37. Qf5 Qg3 38. Qxh5 Qg5 39. Qxg5+ 1-0

[Event "XVI Festival Conca della Presolana A"]
[Site "Bratto - Castione della Presolana ITA"]
[Date "1996.08.29"]
[Round "8"]
[White "Kojic, Tigran"]
[Black "Profumo, Alberto"]
[Result "1-0"]
[WhiteElo "2099"]
[BlackElo "2163"]
[PlyCount "77"]
[EventDate "1996.08.22"]

1. d4 Nf6 2. c4 g6 3. g3 Bg7 4. Bg2 O-O 5. Nf3 d6 6. O-O Nbd7 7. Nc3 e5 8. h3
c6 9. e4 Qb6 10. d5 Nc5 11. Qe2 cxd5 12. cxd5 Qb4 13. Nd2 b6 14. a3 Qd4 15. Nb5
Qa4 16. b3 Nxb3 17. Nxb3 Ba6 18. Nc3 Qxb3 19. Qxa6 Qxc3 20. Be3 Qc8 21. Qb5 Qd7
22. a4 Rfc8 23. Rfc1 Rxc1+ 24. Rxc1 Rc8 25. Rc6 Ne8 26. Rxb6 Qxb5 27. Rxb5 a6
28. Rb6 a5 29. Bf1 Bf6 30. Ba6 Ra8 31. Bb7 Rb8 32. Bc6 Rc8 33. Ra6 Nc7 34. Rxa5
Rb8 35. Ra7 Bd8 36. a5 Rb1+ 37. Kg2 Kf8 38. Bb6 Nb5 39. Ra8 1-0

[Event "XVI Festival Conca della Presolana A"]
[Site "Bratto - Castione della Presolana ITA"]
[Date "1996.08.29"]
[Round "8"]
[White "Lovati, Paolo"]
[Black "Magalotti, Andrea"]
[Result "0-1"]
[WhiteElo "1981"]
[BlackElo "2100"]
[PlyCount "132"]
[EventDate "1996.08.22"]

1. Nf3 Nf6 2. g3 g6 3. Bg2 Bg7 4. O-O O-O 5. c4 d6 6. Nc3 Na6 7. d3 c5 8. a3
Rb8 9. Bd2 Nc7 10. b4 b6 11. Qc1 Re8 12. h3 Bb7 13. Kh2 Ne6 14. e4 Nd4 15. Nxd4
cxd4 16. Ne2 Nd7 17. Qe1 f5 18. exf5 Bxg2 19. Kxg2 gxf5 20. f4 d5 21. cxd5 Nf8
22. Qf2 Qxd5+ 23. Qf3 Qb3 24. Nc1 Qa4 25. Rf2 Rbc8 26. Be1 Rc7 27. Ne2 Rec8 28.
Ng1 Rc1 29. Rxc1 Rxc1 30. Qe2 e6 31. g4 fxg4 32. hxg4 Qxa3 33. Nf3 a5 34. bxa5
bxa5 35. Ng5 Qd6 36. f5 exf5 37. Qa2+ Ne6 38. Nxe6 Qc6+ 39. Kh2 Be5+ 40. Nf4+
Kg7 41. Qe2 Qh6+ 42. Kg3 Kf6 43. Bd2 Rh1 44. Rh2 Rxh2 45. Qxh2 Qxh2+ 46. Kxh2
fxg4 47. Kg2 a4 48. Nd5+ Ke6 49. Nb4 h5 50. Be1 Bf6 51. Nc2 Kf5 52. Bf2 Kf4 53.
Bg3+ Kg5 54. Bd6 h4 55. Na3 Kf5 56. Nc4 Bg5 57. Bc5 h3+ 58. Kg1 Be3+ 59. Nxe3+
dxe3 60. Bxe3 a3 61. Bc1 a2 62. Bb2 g3 63. d4 Ke4 64. Ba1 Kf3 65. d5 h2+ 66.
Kh1 Kf2 0-1

[Event "XVI Festival Conca della Presolana A"]
[Site "Bratto - Castione della Presolana ITA"]
[Date "1996.08.29"]
[Round "8"]
[White "Mione, Dario"]
[Black "Hugony, Fabrizio"]
[Result "1/2-1/2"]
[WhiteElo "2149"]
[BlackElo "2270"]
[PlyCount "27"]
[EventDate "1996.08.22"]

1. e4 c5 2. b4 cxb4 3. d4 d5 4. exd5 Qxd5 5. c4 bxc3 6. Nxc3 Qd8 7. Bc4 e6 8.
Nf3 Nf6 9. O-O Be7 10. Qb3 O-O 11. d5 exd5 12. Nxd5 Nxd5 13. Bxd5 Nc6 14. Rd1
1/2-1/2

[Event "XVI Festival Conca della Presolana A"]
[Site "Bratto - Castione della Presolana ITA"]
[Date "1996.08.29"]
[Round "8"]
[White "Pagnoncelli, Marco"]
[Black "Rizzuti, Pasquale"]
[Result "1-0"]
[WhiteElo "2105"]
[BlackElo "1774"]
[PlyCount "67"]
[EventDate "1996.08.22"]

1. e4 c5 2. Nf3 e6 3. d4 cxd4 4. Nxd4 Nf6 5. Nc3 Bb4 6. Bd3 Nc6 7. Nxc6 bxc6 8.
O-O Bxc3 9. bxc3 e5 10. Bg5 h6 11. Bh4 d6 12. f3 Be6 13. Qe2 a5 14. Rfd1 g5 15.
Bf2 Qe7 16. Bc4 O-O 17. Rd2 Nh5 18. g3 Bh3 19. Rad1 Rfd8 20. Bb6 Rd7 21. Rd3
Be6 22. R3d2 c5 23. Bxe6 Qxe6 24. Bxc5 Qxa2 25. Bxd6 f6 26. f4 Nxf4 27. gxf4
exf4 28. Qb5 Qe6 29. Qd5 Rxd6 30. Qxa8+ Kg7 31. Rxd6 Qg4+ 32. Kf2 Qh3 33. Rd7+
Kg6 34. Qe8# 1-0

[Event "XVI Festival Conca della Presolana A"]
[Site "Bratto - Castione della Presolana ITA"]
[Date "1996.08.29"]
[Round "8"]
[White "Ranieri, Fabrizio"]
[Black "Di Lazzaro, Gabriele"]
[Result "1-0"]
[WhiteElo "2113"]
[BlackElo "2095"]
[PlyCount "51"]
[EventDate "1996.08.22"]

1. e4 g6 2. d4 Bg7 3. Nc3 c6 4. Nf3 d6 5. Be2 Nd7 6. O-O Qc7 7. Bg5 b5 8. a3 a6
9. Qd2 Bb7 10. Rfe1 Ngf6 11. e5 dxe5 12. dxe5 Nxe5 13. Nxe5 Qxe5 14. Bxb5 Qc7
15. Bc4 O-O 16. Bf4 Qa5 17. Rxe7 Rad8 18. Qe2 Qf5 19. Be3 Nd7 20. Rd1 Bc8 21.
Bd4 Bh6 22. Rd3 Nf6 23. Qf3 Qh5 24. Bxf6 Bg4 25. Re5 g5 26. Bxd8 1-0

[Event "XVI Festival Conca della Presolana A"]
[Site "Bratto - Castione della Presolana ITA"]
[Date "1996.08.29"]
[Round "8"]
[White "Rossi, Giampiero"]
[Black "Alberton, Roberto"]
[Result "1/2-1/2"]
[WhiteElo "2105"]
[BlackElo "2075"]
[PlyCount "84"]
[EventDate "1996.08.22"]

1. d4 f5 2. Bg5 g6 3. e3 Bg7 4. Bd3 Nf6 5. Nd2 Nc6 6. c3 e5 7. Ne2 h6 8. Bxf6
Qxf6 9. O-O O-O 10. Re1 Kh8 11. Rc1 d6 12. a3 b6 13. f3 Bb7 14. Qc2 Rae8 15.
Bb5 Re7 16. d5 Nb8 17. e4 f4 18. c4 Rg8 19. b4 Bf8 20. c5 Reg7 21. c6 Bc8 22.
Nc3 g5 23. Bf1 a6 24. h3 h5 25. Kf2 g4 26. hxg4 hxg4 27. Ke2 Rh7 28. Kd3 Rh2
29. Ne2 Bh6 30. Kc3 Bg5 31. Kb2 Bh4 32. Red1 Bf2 33. Ka2 Be3 34. Rb1 Qf7 35. a4
Qh5 36. Qd3 gxf3 37. Nxf3 Rh1 38. Nc3 Rg3 39. Ne2 Rg7 40. Nc3 Rg3 41. Ne2 Rg7
42. Nc3 Rg3 1/2-1/2

[Event "XVI Festival Conca della Presolana A"]
[Site "Bratto - Castione della Presolana ITA"]
[Date "1996.08.29"]
[Round "8"]
[White "Vita, Fabrizio"]
[Black "Menoni, Vincenzo"]
[Result "1/2-1/2"]
[WhiteElo "2013"]
[BlackElo "2245"]
[PlyCount "30"]
[EventDate "1996.08.22"]

1. c4 Nf6 2. Nc3 g6 3. e4 d6 4. d4 Bg7 5. f4 O-O 6. Nf3 c5 7. d5 e6 8. Be2 exd5
9. e5 Ne4 10. cxd5 Nxc3 11. bxc3 Nd7 12. e6 fxe6 13. dxe6 Nb6 14. O-O Bxe6 15.
Ng5 Qd7 1/2-1/2

[Event "XVI Festival Conca della Presolana A"]
[Site "Bratto - Castione della Presolana ITA"]
[Date "1996.08.30"]
[Round "9"]
[White "Alberton, Roberto"]
[Black "Ciolac, Gheorghe"]
[Result "1/2-1/2"]
[WhiteElo "2075"]
[BlackElo "2405"]
[PlyCount "104"]
[EventDate "1996.08.22"]

1. e4 d5 2. exd5 Qxd5 3. Nc3 Qa5 4. d4 Nf6 5. Nf3 Bf5 6. Bb5+ c6 7. Bd3 e6 8.
O-O Nbd7 9. Qe2 Be7 10. Re1 Bxd3 11. Qxd3 Bb4 12. Bf4 O-O 13. a3 Bxc3 14. bxc3
Rfd8 15. Ne5 Nxe5 16. Rxe5 Rd5 17. c4 Rxe5 18. Bxe5 Nd7 19. Bd6 Re8 20. Rb1 b6
21. h3 h6 22. Qe4 Rc8 23. Rb3 Nf6 24. Qe2 Qf5 25. Be5 Nd7 26. Rf3 Qh5 27. Bxg7
Kh7 28. Be5 f5 29. Bd6 Re8 30. Qd3 Nf6 31. c5 Ne4 32. Qa6 Nxd6 33. cxd6 Qf7 34.
Qd3 Rd8 35. g4 Qg6 36. Kf1 Rxd6 37. gxf5 exf5 38. Rxf5 Kg7 39. Rf3 Qxd3+ 40.
Rxd3 Kf6 41. Ke2 Kf5 42. Kd2 Ke4 43. Kc3 Rf6 44. Re3+ Kd5 45. Re5+ Kd6 46. Rh5
Rf3+ 47. Kb2 Rxf2 48. Rxh6+ Kd5 49. Rh4 Kc4 50. Rg4 Rh2 51. h4 Rh3 52. Rf4 Rh2
1/2-1/2